书目信息 |
| 题名: |
素质教育在美国
|
|
| 作者: | 黄全愈 著 | |
| 分册: | ||
| 出版信息: | 广州 广东教育出版社 1999 |
|
| 页数: | 318,[4]页 | |
| 开本: | 20cm | |
| 丛书名: | ||
| 单 册: | ||
| 中图分类: | G52 , G571.2 | |
| 科图分类: | ||
| 主题词: | 比较教育--研究--中国--美国 , 比较教育 | |
| 电子资源: | ||
| ISBN: | 7-5406-4222-X | |
| 000 | 00853nam0 2200265 45 | |
| 001 | 1539867157 | |
| 005 | 20150201110441.89 | |
| 010 | @a7-5406-4222-X@dCNY18.00 | |
| 100 | @a20050122e20011999ekmy0chiy0120 ea | |
| 101 | 0 | @achi |
| 102 | @aCN@b440000 | |
| 105 | @af az 000yy | |
| 200 | 1 | @a素质教育在美国@9su zhi jiao yu zai mei guo@d= Quality Education in America@e留美博士眼里的中美教育@f黄全愈著@zeng |
| 210 | @a广州@c广东教育出版社@d1999@h2001重印 | |
| 215 | @a318,[4]页@c图版@d20cm | |
| 510 | 1 | @aQuality Education in America@zeng |
| 517 | 1 | @a留美博士眼里的中美教育@9liu mei bo shi yan li de zhong mei jiao yu |
| 606 | 0 | @a比较教育@x研究@y中国@y美国 |
| 606 | 0 | @a比较教育 |
| 690 | @aG52@v4 | |
| 690 | @aG571.2@v4 | |
| 701 | 0 | @a黄全愈@9huang quan yu@4著 |
| 801 | 0 | @aCN@bTSSF@c20150201 |
| 905 | @aZUCC@dG52@eJY15 | |
| 999 | @aAFJ@eDF | |
| 素质教育在美国= Quality Education in America:留美博士眼里的中美教育/黄全愈著.-广州:广东教育出版社,1999(2001重印) |
| 318,[4]页:图版;20cm |
| ISBN 7-5406-4222-X:CNY18.00 |
| ● |
| 相关链接 |
|
|
|
|
正题名:素质教育在美国
索取号:G52/JY15
 
预约/预借
| 序号 | 登录号 | 条形码 | 馆藏地/架位号 | 状态 | 备注 |
| 1 | 7857558 | 278575588 | 学院路分馆/ [索取号:G52/JY15] | 在馆 |